Central America Subdivisions Multiple Choices (Easy) - Statistics

General Stats
  • This quiz has been taken 40 times
  • The average score is 5 of 8
Answer Stats
Question Answer % Correct
______ is the only country that speaks English in Central America. Belize
100%
The department of San Vicente is locate in which country? El Salvador
88%
Is there subdivisions that starts with Alta and Baja in Central America? Yes
88%
The Santa Ana department is located in what country? El Salvador
81%
Which of these are a ethnicity / language families / tribes in Central America? Mestizo
56%
(HARD) What is the population if Central America unites as one single country except for Archipelago of San Andres? (populations from wikipedia) 50616405
38%
How many subdivisions are there when all of the Central American Countries combined including the Archipelago of San Andres as 1? 99
25%
Which country and subdivision you can find Zaculeu? Huehuetenango, Guatemala
25%
No matching quizzes found
Score Distribution
Percent of People with Each Score
Percentile by Number Answered
Your Score History
You have not taken this quiz